[Event "URU-ch sf"]
[Site "Montevideo"]
[Date "2024.02.12"]
[Round "5"]
[White "Muniz, Facundo"]
[Black "Kaciusis, Daniel"]
[Result "0-1"]
[WhiteElo "1311"]
[BlackElo "1554"]
[PlyCount "42"]
[EventDate "2024.02.09"]
[EventType "swiss"]
[EventRounds "7"]
[EventCountry "URU"]
[SourceTitle "CB08_2024"]
[SourceDate "2024.02.21"]
[SourceVersion "1"]
[SourceVersionDate "2024.02.21"]
[SourceQuality "1"]

1. e4 c5 2. Nc3 Nc6 3. Bc4 Nf6 4. d3 e6 5. a4 Be7 6. f4 d5 7. Ba2 dxe4 8. dxe4 Qxd1+ 9. Kxd1 a6 10. Bc4 0-0 11. Nf3 Rd8+ 12. Bd2 b6 13. Re1 Bb7 14. f5 exf5 15. e5 Ne8 16. Nd5 h6 17. Kc1 Rab8 18. Bf4 g5 19. Bd2 Bc8 20. Bd3 Rxd5 21. Bc4 Rd8 0-1

[Event "URU-ch sf"]
[Site "Montevideo"]
[Date "2024.02.10"]
[Round "3"]
[White "Fernandez Rodriguez, Antonio"]
[Black "Kaciusis, Daniel"]
[Result "1-0"]
[WhiteElo "1790"]
[BlackElo "1554"]
[PlyCount "81"]
[EventDate "2024.02.09"]
[EventType "swiss"]
[EventRounds "7"]
[EventCountry "URU"]
[SourceTitle "CB08_2024"]
[SourceDate "2024.02.21"]
[SourceVersion "1"]
[SourceVersionDate "2024.02.21"]
[SourceQuality "1"]

1. e4 e5 2. Nf3 Nc6 3. Bb5 d6 4. d4 exd4 5. Nxd4 Bd7 6. Nc3 Nf6 7. Bg5 Be7 8. 0-0 0-0 9. Nxc6 bxc6 10. Bd3 Re8 11. h3 Qb8 12. b3 Qb4 13. Bd2 Qd4 14. Re1 a6 15. Qf3 Qb6 16. Kh1 Be6 17. Qe2 Nd7 18. Na4 Qb7 19. f4 f6 20. Qh5 Bf7 21. Qg4 Rad8 22. Re3 Qc8 23. Rg3 Bf8 24. Re1 Re7 25. Qh4 g6 26. Rge3 Rde8 27. Qf2 Bg7 28. Qf1 Nb8 29. Bc3 Be6 30. Nb2 Kh8 31. Nc4 Bd7 32. e5 fxe5 33. fxe5 d5 34. Nd2 c5 35. Bb2 d4 36. R3e2 Rxe5 37. Rxe5 Rxe5 38. Rxe5 Bxe5 39. Ba3 Bd6 40. Qf6+ Kg8 41. Bc4+ 1-0

[Event "Montevideo Trebejos Primavera op"]
[Site "Montevideo"]
[Date "2022.11.14"]
[Round "5"]
[White "Olivera, Omar"]
[Black "Kaciusis, Daniel"]
[Result "1/2-1/2"]
[WhiteElo "1356"]
[BlackElo "1656"]
[PlyCount "57"]
[EventDate "2022.10.17"]
[EventType "swiss"]
[EventRounds "6"]
[EventCountry "URU"]
[SourceTitle "EXT 2024"]
[Source "ChessBase"]
[SourceDate "2023.10.10"]
[SourceVersion "1"]
[SourceVersionDate "2023.10.10"]
[SourceQuality "1"]

1. d4 d5 2. Bf4 Nf6 3. e3 e6 4. Nf3 Be7 5. Nbd2 0-0 6. Bd3 Nbd7 7. Ne5 c5 8. c3 c4 9. Be2 Nxe5 10. dxe5 Nd7 11. Bh5 f5 12. exf6 Nxf6 13. Qe2 Bd6 14. Bg3 Qe7 15. Bxd6 Qxd6 16. Rd1 Qc5 17. Nf3 Bd7 18. Ne5 Qc7 19. Nxd7 Nxd7 20. 0-0 Nf6 21. Rd4 e5 22. Rh4 Qe7 23. Rh3 e4 24. f3 exf3 25. Rhxf3 b5 26. Rf4 Rae8 27. R1f3 Qd6 28. Qf2 Re7 29. g4 1/2-1/2

[Event "Montevideo Trebejos Primavera op"]
[Site "Montevideo"]
[Date "2022.11.07"]
[Round "4"]
[White "Kaciusis, Daniel"]
[Black "Sanguinetti Conde, Eduardo"]
[Result "0-1"]
[WhiteElo "1656"]
[BlackElo "1998"]
[PlyCount "68"]
[EventDate "2022.10.17"]
[EventType "swiss"]
[EventRounds "6"]
[EventCountry "URU"]
[SourceTitle "EXT 2024"]
[Source "ChessBase"]
[SourceDate "2023.10.10"]
[SourceVersion "1"]
[SourceVersionDate "2023.10.10"]
[SourceQuality "1"]

1. c4 d5 2. cxd5 Nf6 3. d4 Nxd5 4. g3 g6 5. Bg2 Bg7 6. Nf3 0-0 7. 0-0 c6 8. e3 Bg4 9. a3 Qd7 10. Re1 Nb6 11. Nbd2 Na6 12. b4 e5 13. dxe5 Rfe8 14. Bb2 Rad8 15. Qc2 Bf5 16. e4 Be6 17. Rad1 Qd3 18. Qxd3 Rxd3 19. Bf1 Rd7 20. Bxa6 bxa6 21. Rc1 Red8 22. Bc3 Bh6 23. Rc2 Na4 24. Nb1 Rd3 25. Nh4 Bb3 26. Rce2 Nxc3 27. Nxc3 Rxc3 28. f4 Bc4 29. Rf2 Bf8 30. f5 c5 31. fxg6 hxg6 32. Rf6 cxb4 33. Nxg6 fxg6 34. Rxg6+ Kh7 0-1

[Event "Montevideo Trebejos 50 Anniv op"]
[Site "Montevideo"]
[Date "2022.09.19"]
[Round "3"]
[White "Romero, Juan Ignacio"]
[Black "Kaciusis, Daniel"]
[Result "1-0"]
[WhiteElo "1930"]
[BlackElo "1706"]
[PlyCount "67"]
[EventDate "2022.09.17"]
[EventType "swiss"]
[EventRounds "9"]
[EventCountry "URU"]
[SourceTitle "EXT 2023"]
[Source "ChessBase"]
[SourceDate "2022.10.05"]
[SourceVersion "1"]
[SourceVersionDate "2022.10.05"]
[SourceQuality "1"]

1. e4 c5 2. Nf3 Nc6 3. d4 cxd4 4. Nxd4 d6 5. Nc3 Nf6 6. Be3 e6 7. Qd2 a6 8. 0-0-0 Qc7 9. f3 b5 10. g4 Be7 11. h4 Bb7 12. h5 0-0-0 13. Bh3 Kb8 14. g5 Nxh5 15. Bg4 g6 16. Bxh5 gxh5 17. Rxh5 Rdg8 18. Rdh1 Rg7 19. Nxc6+ Bxc6 20. Qd4 e5 21. Qd3 Qd8 22. Nd5 Bxg5 23. f4 Bxd5 24. fxg5 Bc4 25. Qa3 a5 26. Bd2 a4 27. Rh6 Rg6 28. Rxh7 Rxh7 29. Rxh7 Qd7 30. b3 axb3 31. axb3 Be2 32. Rh8+ Kc7 33. Qa8 d5 34. Qb8+ 1-0

[Event "Montevideo Cuartos Trebejos"]
[Site "Montevideo"]
[Date "2017.01.23"]
[Round "4.7"]
[White "Kaciusis, Daniel"]
[Black "Rijo, Pedro"]
[Result "1-0"]
[WhiteElo "1657"]
[BlackElo "1546"]
[PlyCount "71"]
[EventDate "2017.01.16"]
[EventType "swiss"]
[EventRounds "6"]
[EventCountry "URU"]
[SourceTitle "EXT 2024"]
[Source "ChessBase"]
[SourceDate "2023.10.10"]
[SourceVersion "1"]
[SourceVersionDate "2023.10.10"]
[SourceQuality "1"]

1. c4 Nf6 2. d4 d5 3. Nf3 Bg4 4. e3 e6 5. Be2 c5 6. 0-0 Nbd7 7. b3 Bd6 8. Bb2 0-0 9. Nc3 cxd4 10. Nxd4 Bxe2 11. Qxe2 dxc4 12. Qxc4 Rc8 13. Qe2 a6 14. Rac1 Ne5 15. h3 Bb8 16. Rfd1 Qc7 17. Nd5 Qd6 18. Nxf6+ gxf6 19. Rxc8 Rxc8 20. f4 Ng6 21. Nf3 Qe7 22. Qd3 Ba7 23. Kh1 Bb6 24. Rc1 Rd8 25. Qc3 Kg7 26. g4 Kf8 27. h4 Qd7 28. Kg2 Qd5 29. Kg3 Qd3 30. Qxf6 Rd5 31. h5 Ne7 32. Qh8+ Ng8 33. Bg7+ Ke7 34. Qxg8 Qxe3 35. Qf8+ Kd7 36. Qxf7+ 1-0

[Event "Montevideo Cuartos Trebejos"]
[Site "Montevideo"]
[Date "2017.01.19"]
[Round "3.6"]
[White "Salguero, Rafael"]
[Black "Kaciusis, Daniel"]
[Result "1-0"]
[WhiteElo "1891"]
[BlackElo "1657"]
[PlyCount "57"]
[EventDate "2017.01.16"]
[EventType "swiss"]
[EventRounds "6"]
[EventCountry "URU"]
[SourceTitle "EXT 2024"]
[Source "ChessBase"]
[SourceDate "2023.10.10"]
[SourceVersion "1"]
[SourceVersionDate "2023.10.10"]
[SourceQuality "1"]

1. d4 d5 2. e3 Nf6 3. Bd3 e6 4. Nd2 Be7 5. f4 0-0 6. Ngf3 c5 7. c3 b6 8. Qe2 a5 9. 0-0 Ba6 10. Ne5 Bxd3 11. Qxd3 Qd6 12. b3 Nbd7 13. Ba3 Rac8 14. Rae1 Rfd8 15. e4 dxe4 16. Nxe4 Nxe4 17. Qxe4 Qc7 18. Nxf7 Rf8 19. Ng5 Bxg5 20. Qxe6+ Kh8 21. fxg5 Qd8 22. d5 Rg8 23. c4 Nf8 24. Qf5 Ng6 25. Bb2 Nh4 26. Qg4 Ng6 27. Rf7 b5 28. Re6 Re8 29. Rxg7 1-0

[Event "Montevideo Trebejos op 09"]
[Site "Montevideo"]
[Date "2016.10.03"]
[Round "3"]
[White "Kaciusis, Daniel"]
[Black "Barboza, Mauro"]
[Result "0-1"]
[WhiteElo "1690"]
[BlackElo "1922"]
[PlyCount "72"]
[EventDate "2016.09.28"]
[EventType "swiss"]
[EventRounds "7"]
[EventCountry "URU"]
[SourceTitle "EXT 2018"]
[Source "ChessBase"]
[SourceDate "2017.10.13"]
[SourceVersion "1"]
[SourceVersionDate "2017.10.13"]
[SourceQuality "1"]

1. c4 Nf6 2. Nc3 e5 3. g3 c5 4. Bg2 Be7 5. d3 h6 6. Nf3 d6 7. 0-0 Nc6 8. a3 0-0 9. e3 Rb8 10. Qc2 Be6 11. b3 Qd7 12. Re1 Bh3 13. Bh1 Ng4 14. Bb2 f5 15. Nd5 Bd8 16. b4 b6 17. b5 Ne7 18. Nxe7+ Bxe7 19. Rad1 Qe8 20. Re2 Qh5 21. Bc3 Nf6 22. Ne1 e4 23. f3 exf3 24. Bxf3 Bg4 25. Rf2 Rbe8 26. Qe2 Bd8 27. Ng2 g5 28. Re1 Bxf3 29. Rxf3 Ng4 30. h4 Ne5 31. Rxf5 Nf3+ 32. Rxf3 Rxf3 33. e4 Ref8 34. Kh2 Qg4 35. Ne3 Qxg3+ 36. Kh1 Rf2 0-1

[Event "Montevideo Trebejos op 09"]
[Site "Montevideo"]
[Date "2016.09.28"]
[Round "1"]
[White "Gaye, Gustavo"]
[Black "Kaciusis, Daniel"]
[Result "1-0"]
[WhiteElo "2061"]
[BlackElo "1690"]
[PlyCount "83"]
[EventDate "2016.09.28"]
[EventType "swiss"]
[EventRounds "7"]
[EventCountry "URU"]
[SourceTitle "EXT 2018"]
[Source "ChessBase"]
[SourceDate "2017.10.13"]
[SourceVersion "1"]
[SourceVersionDate "2017.10.13"]
[SourceQuality "1"]

1. e4 c5 2. Nc3 Nc6 3. g3 d6 4. Bg2 Nf6 5. Nge2 e6 6. 0-0 Be7 7. d3 0-0 8. h3 a6 9. f4 Qc7 10. g4 Rd8 11. Ng3 b5 12. Bd2 b4 13. Nce2 Bb7 14. c3 a5 15. Be3 Rac8 16. g5 Ne8 17. h4 Bf8 18. Bh3 Rb8 19. Rf2 Bc8 20. Qf1 Qe7 21. Qg2 Na7 22. Raf1 Kh8 23. f5 f6 24. fxe6 Bxe6 25. Nh5 Bxh3 26. Qxh3 Qf7 27. Qg4 Nc6 28. d4 bxc3 29. bxc3 Rb7 30. Nef4 Rdb8 31. Ne6 Rb1 32. Nxf8 Rxf1+ 33. Rxf1 Qxf8 34. gxf6 g6 35. Ng3 Qf7 36. d5 Ne5 37. Qe6 Kg8 38. Bxc5 dxc5 39. Qxe5 Rb7 40. Qf4 Rd7 41. c4 Nd6 42. e5 1-0

[Event "Montevideo Los Trebejos 44 Anniv"]
[Site "Montevideo"]
[Date "2016.08.18"]
[Round "6.10"]
[White "Fernandez Cuneo, Carlos"]
[Black "Kaciusis, Daniel"]
[Result "0-1"]
[WhiteElo "1763"]
[BlackElo "1655"]
[PlyCount "86"]
[EventDate "2016.08.15"]
[EventType "swiss"]
[EventRounds "7"]
[EventCountry "URU"]
[SourceTitle "EXT 2024"]
[Source "ChessBase"]
[SourceDate "2023.10.10"]
[SourceVersion "1"]
[SourceVersionDate "2023.10.10"]
[SourceQuality "1"]

1. e4 c5 2. Nf3 Nc6 3. c3 d6 4. d4 cxd4 5. cxd4 a6 6. Nc3 e6 7. d5 Nb8 8. Qa4+ Bd7 9. Bb5 e5 10. 0-0 Be7 11. Bxd7+ Nxd7 12. Be3 h6 13. Qd1 Ngf6 14. h3 0-0 15. Nh2 Rc8 16. Rc1 b5 17. a3 Nb6 18. Ng4 Kh7 19. Qf3 Nxg4 20. Qxg4 Nc4 21. Qe2 Nxe3 22. fxe3 Qb6 23. Rf3 b4 24. axb4 Qxb4 25. Rcf1 Bf6 26. Rxf6 gxf6 27. Rxf6 Kg7 28. Rf5 f6 29. Qg4+ Kf7 30. Qh5+ Ke7 31. Qxh6 Qxb2 32. Qg7+ Rf7 33. Qg4 Qxc3 34. Rf3 Qe1+ 35. Kh2 Rc1 36. Qe6+ Kf8 37. Qxd6+ Kg7 38. Qe6 Qh1+ 39. Kg3 Rc2 40. Rf2 Qe1 41. Qf5 Qxf2+ 42. Qxf2 Rxf2 43. Kxf2 a5 0-1

[Event "Montevideo Los Trebejos 44 Anniv"]
[Site "Montevideo"]
[Date "2016.08.17"]
[Round "5.8"]
[White "Kaciusis, Daniel"]
[Black "Milans, Carlos"]
[Result "0-1"]
[WhiteElo "1655"]
[BlackElo "1873"]
[PlyCount "74"]
[EventDate "2016.08.15"]
[EventType "swiss"]
[EventRounds "7"]
[EventCountry "URU"]
[SourceTitle "EXT 2024"]
[Source "ChessBase"]
[SourceDate "2023.10.10"]
[SourceVersion "1"]
[SourceVersionDate "2023.10.10"]
[SourceQuality "1"]

1. c4 f5 2. d4 Nf6 3. Nc3 e6 4. g3 d5 5. cxd5 exd5 6. Bg2 c6 7. Nf3 Bd6 8. 0-0 0-0 9. a3 Nbd7 10. Qc2 Ne4 11. b4 Nxc3 12. Qxc3 Nf6 13. Bb2 Bd7 14. Ne1 Qe7 15. Qc2 f4 16. Nd3 Bf5 17. Rae1 fxg3 18. hxg3 Ng4 19. Qd2 Rae8 20. Bc1 Qc7 21. f4 Qf7 22. Bf3 Re3 23. Kg2 Be4 24. Ne5 Bxe5 25. dxe5 Qg6 26. Rh1 Rb3 27. Rh4 Ne3+ 28. Kf2 Bxf3 29. exf3 Nf5 30. Rg4 Qh5 31. Rg1 Nh6 32. Qc2 Rxf3+ 33. Kxf3 Nxg4 34. Qb2 Nxe5+ 35. Kg2 Qf3+ 36. Kh3 Nd3 37. Qd4 Rf5 0-1

[Event "URU-ch Seniors"]
[Site "Montevideo"]
[Date "2016.06.19"]
[Round "4"]
[White "Kaciusis, Daniel"]
[Black "Villarreal, Julio"]
[Result "0-1"]
[WhiteElo "1526"]
[BlackElo "1869"]
[PlyCount "124"]
[EventDate "2016.06.17"]
[EventType "swiss"]
[EventRounds "5"]
[EventCountry "URU"]
[SourceTitle "EXT 2017"]
[Source "ChessBase"]
[SourceDate "2016.10.25"]
[SourceVersion "1"]
[SourceVersionDate "2016.10.25"]
[SourceQuality "1"]

1. c4 g6 2. d4 Nf6 3. Nc3 Bg7 4. Nf3 d6 5. Bg5 0-0 6. e3 Nbd7 7. Be2 c6 8. 0-0 Re8 9. Rc1 h6 10. Bh4 g5 11. Bg3 Nh7 12. Nd2 f5 13. Nb3 e5 14. f4 gxf4 15. exf4 e4 16. d5 c5 17. Qc2 a6 18. Nd1 b6 19. Ne3 Qf6 20. Rb1 Ndf8 21. Be1 Qf7 22. Bc3 Nf6 23. h3 h5 24. Be1 Ng6 25. Qd1 Bh6 26. Bg3 h4 27. Bh2 Kg7 28. Nd2 Bd7 29. b3 Ne7 30. Qe1 Ng6 31. Ra1 a5 32. Nb1 Kh7 33. Nc3 Bg7 34. a4 Ng8 35. Rc1 Bd4 36. Ncd1 Nf6 37. Kh1 Rh8 38. Bg1 Kg7 39. Nc3 Rag8 40. Nb5 Ne8 41. Nc2 Bf6 42. Be3 Bxb5 43. axb5 Kf8 44. Bd2 Qg7 45. Rf2 Bd4 46. Ne3 Ne7 47. Bc3 Rh6 48. Bf1 Qg3 49. Bxd4 cxd4 50. Nc2 d3 51. Ne3 Nf6 52. Rd2 Qxf4 53. Qf2 Qe5 54. Re1 Rg3 55. Bxd3 Rhg6 56. Nxf5 Nxf5 57. Rde2 Rxg2 58. Qxg2 Rxg2 59. Rxg2 Ng3+ 60. Kg1 Qd4+ 61. Rf2 exd3 62. Re6 Qa1+ 0-1

[Event "URU-ch Seniors"]
[Site "Montevideo"]
[Date "2016.06.18"]
[Round "3"]
[White "Fein, Jorge"]
[Black "Kaciusis, Daniel"]
[Result "0-1"]
[WhiteElo "1671"]
[BlackElo "1526"]
[PlyCount "100"]
[EventDate "2016.06.17"]
[EventType "swiss"]
[EventRounds "5"]
[EventCountry "URU"]
[SourceTitle "EXT 2017"]
[Source "ChessBase"]
[SourceDate "2016.10.25"]
[SourceVersion "1"]
[SourceVersionDate "2016.10.25"]
[SourceQuality "1"]

1. Nf3 d5 2. b3 c5 3. Bb2 Nc6 4. e3 a6 5. d4 e6 6. Bd3 Nf6 7. Nbd2 Be7 8. 0-0 0-0 9. Re1 b5 10. c4 dxc4 11. bxc4 Rb8 12. cxb5 axb5 13. Bf1 cxd4 14. Nxd4 Nxd4 15. Bxd4 Bd7 16. Qb3 Qa5 17. Bc3 b4 18. Nc4 Qa8 19. Be5 Rb7 20. Be2 Bc6 21. Nd2 Nd5 22. Bf3 Rd8 23. Qb2 f6 24. Bg3 e5 25. Qb3 Kh8 26. Rac1 Ra7 27. Qc4 Bb7 28. Qh4 Nc3 29. Bxb7 Qxb7 30. Nf3 Rxa2 31. Qc4 Rc8 32. Qf7 Ne2+ 33. Rxe2 Rxc1+ 34. Re1 Rxe1+ 35. Nxe1 Ra8 36. h3 Rb8 37. Nd3 Bd6 38. Qe6 Qc7 39. f4 Qe7 40. Qc4 exf4 41. Bxf4 Bxf4 42. exf4 b3 43. Qc3 Qb7 44. Nb2 Rc8 45. Qd4 Qc6 46. Kh2 Qc3 47. Qd7 Rg8 48. Na4 Qc4 49. Nb2 Qxf4+ 50. g3 Qf2+ 0-1

[Event "URU-ch Seniors"]
[Site "Montevideo"]
[Date "2016.06.18"]
[Round "2"]
[White "Kaciusis, Daniel"]
[Black "De la Torre, Andres"]
[Result "1/2-1/2"]
[WhiteElo "1526"]
[BlackElo "1630"]
[PlyCount "107"]
[EventDate "2016.06.17"]
[EventType "swiss"]
[EventRounds "5"]
[EventCountry "URU"]
[SourceTitle "EXT 2017"]
[Source "ChessBase"]
[SourceDate "2016.10.25"]
[SourceVersion "1"]
[SourceVersionDate "2016.10.25"]
[SourceQuality "1"]

1. c4 g6 2. d4 Bg7 3. Nc3 Nf6 4. Nf3 d6 5. Bg5 Bf5 6. e3 h6 7. Bh4 Nbd7 8. Be2 c5 9. 0-0 g5 10. Bg3 Nh5 11. Rc1 Bg6 12. d5 Nxg3 13. hxg3 Qb6 14. b3 Nf6 15. Bd3 Bh5 16. Re1 Nd7 17. Qc2 Qb4 18. Bf5 Bxc3 19. Bxd7+ Kxd7 20. Qxc3 Qxc3 21. Rxc3 a6 22. a4 b5 23. Nd2 bxa4 24. bxa4 Rhb8 25. f3 Rb2 26. Nb3 Rb8 27. Na5 Ra2 28. Rec1 Rbb2 29. g4 Bg6 30. e4 Rxg2+ 31. Kh1 Rgb2 32. Nc6 h5 33. e5 hxg4 34. exd6 exd6 35. Re3 Re2 36. Rxe2 Rxe2 37. fxg4 Be4+ 38. Kg1 Rg2+ 39. Kf1 Rxg4 40. Rc3 Rh4 41. Kf2 Rh2+ 42. Kg3 Rg2+ 43. Kh3 f5 44. Rb3 Kc7 45. Rb8 g4+ 46. Kh4 Rh2+ 47. Kg5 g3 48. Ra8 g2 49. Ra7+ Kc8 50. Ra8+ Kd7 51. Ra7+ Ke8 52. Ra8+ Kf7 53. Ra7+ Ke8 54. Ra8+ 1/2-1/2